[Event "British Columbia-ch Senior"]
[Site "Vancouver"]
[Date "2013.01.13"]
[Round "4"]
[White "Dimitrijevic, Darko"]
[Black "Campos, Alonso"]
[Result "0-1"]
[WhiteElo "2019"]
[BlackElo "1862"]
[PlyCount "112"]
[EventDate "2013.01.13"]
[EventType "swiss"]
[EventRounds "5"]
[EventCountry "CAN"]
[SourceTitle "EXT 2014"]
[Source "ChessBase"]
[SourceDate "2013.11.20"]
[SourceVersion "1"]
[SourceVersionDate "2013.11.20"]
[SourceQuality "1"]

1. e4 e5 2. Nf3 Nf6 3. Qe2 d6 4. g3 Nc6 5. Bg2 Bg4 6. c3 Be7 7. d3 0-0 8. h3 Bh5 9. g4 Bg6 10. Nh4 d5 11. Nf5 dxe4 12. dxe4 Re8 13. Be3 Bxf5 14. gxf5 Qd7 15. Nd2 Rad8 16. 0-0-0 Qc8 17. h4 Na5 18. h5 h6 19. Rdg1 Kh7 20. Bf3 b6 21. Rg3 Rg8 22. b4 Nb7 23. Nc4 Bd6 24. Rg6 b5 25. Nxd6 Nxd6 26. Bxh6 Qa6 27. Kb1 Nc4 28. Bc1 Rh8 29. Rg5 Qd6 30. Rhg1 Rhg8 31. h6 g6 32. fxg6+ fxg6 33. R5g3 a5 34. a3 axb4 35. axb4 c5 36. Rd1 Qe7 37. Rxd8 Rxd8 38. Qa2 cxb4 39. Bg5 bxc3 40. Bxf6 Qxf6 41. Qa7+ Kh8 42. Be2 Nd2+ 43. Kc1 b4 44. Qb7 b3 45. Rxc3 Qf8 46. Kb2 Ra8 47. Qg7+ Qxg7 48. hxg7+ Kxg7 49. Rxb3 Nxb3 50. Kxb3 Kf6 51. Bg4 Kg5 52. f3 Kf4 53. Kc4 Rd8 54. Kc5 g5 55. Kc4 Rd1 56. Kc5 Rd3 0-1